| 000 | 00987nam a2200241Ia 4500 | ||
|---|---|---|---|
| 003 | Ost | ||
| 005 | 20260507075709.0 | ||
| 008 | 260507s9999||||xx |||||||||||||| ||und|| | ||
| 020 | _a9789931071129 | ||
| 040 | _cfsecg | ||
| 041 | _aara | ||
| 082 | _a350.1 | ||
| 100 |
_aغول، فرحات _eمؤلف |
||
| 245 | 0 |
_aإدارة التغيير في المؤسسة / _c فرحات غول |
|
| 260 |
_aالجزائر: _bدار الخلدونية, _c2021 |
||
| 300 |
_a174 صفحة؛ _bإيضاحات ؛ _c24 سم |
||
| 504 | _aمراجع ص.163 | ||
| 520 | _aماهية التغيير ، مقاومة التغيير ، إدارة التغيير وسياقه، قيادة التغيير و الاستراتيجيات، نماذج إدارة التغيير (نظريات دارة التغيير) و أخيرا التعلم التنظيمي. | ||
| 653 | _aادارة الاعمال | ||
| 653 | _aادارة الافراد | ||
| 653 | _aإدارة التغيير | ||
| 942 | _cكتاب | ||
| 999 |
_c45882 _d45882 |
||